Logo BPK

Bibliografia Prac Pracowników

Politechniki Koszalińskiej

Instanton-anti-instanton solutions of discrete Yang-Mills equations / (Rekord nr 8699)

Szczegóły MARC
000 -ETYKIETA REKORDU
podpole kontrolne o stałej długości 00649naa a22001697i 4500
001 - NUMER KONTROLNY REKORDU
podpole kontrolne 8699
003 - IDENTYFIKATOR NUMERU KONTROLNEGO REKORDU
podpole kontrolne KOSZ 005
005 - DATA OSTATNIEJ MODYFIKACJI REKORDU
podpole kontrolne 20180227101428.0
008 - POLE O STAŁEJ DŁUGOŚCI - DANE KONTROLNE
podpole kontrolne o stałej długości 180226s2012 xr ||||| ||||0|| ||eng
040 ## - ŹRÓDŁO KATALOGOWANIA
Instytucja, która utworzyła rekord KOSZ 005
Instytucja, która sporządziła opis KOSZ 005/HR
041 0# - KOD JĘZYKA
Kod języka tekstu eng
100 ## - NAZWA OSOBOWA
Nazwa osobowa SUSHCH, Volodymyr.
Lata pracy 1997 - .
Instytucja Politechnika Koszalińska - Wydział Budownictwa i Inżynierii Środowiska,
Wydział Katedra Matematyki
245 10 - TYTUŁ/ODPOWIEDZIALNOŚĆ
Tytuł Instanton-anti-instanton solutions of discrete Yang-Mills equations /
Pozostałe elementy strefy tytułu i oznaczenia odpowiedzialności Volodymyr Sushch.
650 #0 - HASŁO PRZEDMIOTOWE W FORMIE NAZWY OGÓLNEJ LUB JEDNOSTKOWEJ
Nazwa ogólna lub geograficzna Matematyka.
773 0# - TYTUŁ DOKUMENTU MACIERZYSTEGO
Wyrażenie wprowadzające W :
Tytuł Mathematica Bohemica. -
Adres wydawniczy Praha : Academia. -
Informacje dotyczące relacji 2012, nr 137(2), s. 219-228
ISSN 0862-7959
942 ## - HASŁO DODATKOWE - ELEMENTY(KOHA)
Typ dokumentu Artykuł
Schemat klasyfikacji Uniwersalna klasyfikacja dziesiętna

Brak dostępnych egzemplarzy.

© 2014 Biblioteka Politechniki Koszalińskiej :: BIBLIOGRAFIA PRAC PRACOWNIKÓW